00572 2200217 4500001002100000005001700021008004100038020002200079035002400101040001200125082001000137090002000147100001000167245005900177260002700236300003000263504001600293650001100309850001200320990002200332YOGYA-0112000000042420120110165959.0 ind  a978-979-29-2221-9 0010-011200000000424 aYOPDYOG a650.1 aDEP 650.1 Sig S aSIGMA a145 Question dan answer start your own businesscSigma ayogyakartabandic2011 aXXI ,215 hlmbilusc19 cm ahlm 213-215 aBisnis aYOPDYOG aCB-D.11 2011-1205